The world within : fiction illuminating neuroses of our time /

Bibliographic Details
Main Author: Aswell, Mary Louise White, 1902-
Other Authors: Wertham, Fredric, 1895-1981
Format: Book
Language:English
Published: New York : Whittlesey House, [1947]
Subjects:

MARC

Tag First Indicator Second Indicator Subfields
LEADER 00000cam a2200000 4500
001 in00000031532
005 20151007061718.0
008 740207s1947 nyu 00001 eng u
010 |a  47011764  
035 |a (OCoLC)00792863 
035 |9 AAD2849AM 
040 |c WOO  |d TXA  |d UtOrBLW 
049 |a TXAM  |c [149813] 
050 0 0 |a PN6071.I55  |b A8 
082 0 |a 808.83 
092 |a 813.08  |b A861w 
100 1 |a Aswell, Mary Louise White,  |d 1902- 
245 1 4 |a The world within :  |b fiction illuminating neuroses of our time /  |c with an introd. and analyses by Frederic Wertham. 
264 1 |a New York :  |b Whittlesey House,  |c [1947] 
300 |a xxiv, 376 pages ;  |c 21 cm. 
336 |a text  |b txt  |2 rdacontent 
337 |a unmediated  |b n  |2 rdamedia 
338 |a volume  |b nc  |2 rdacarrier 
650 0 |a Mental illness in literature. 
650 0 |a Short stories. 
700 1 |a Wertham, Fredric,  |d 1895-1981. 
999 |a MARS 
999 f f |s 824d0ef7-9985-3660-bd27-f6355c8f0e60  |i 0eff3d7c-2ea1-3913-9d77-04987a3a64bc  |t 0 
952 f f |p ric  |a Texas A&M University  |b Rellis Campus  |c Joint Library Facility  |d Remote Storage  |t 0  |e PN6071.I55 A8  |h Library of Congress classification  |i unmediated -- volume  |m A14801256211 
998 f f |a PN6071.I55 A8  |t 0  |l Remote Storage